000 00720nam a22002177a 4500
999 _c192457
_d192457
005 20220922120921.0
010 _aENG-135182
020 _a9789352836383
_c200.00
035 _aEN-118714
037 _bDBAD/PUB
082 _a657.42
100 _aShukla, M C
245 _aCost Accounting I/
_cM C Shukla, T S Grewal and M P Gupta
260 _aDelhi
_bS. Chand
_c2019
270 _a7361, Ram Nagar, Qutab Road
_bNew Delhi
_e110055
_k23672080-81-82, 66672000
_l91-11-23677446
_minfo@schandpublishing.com
300 _av.p.
_c24cm.(pbk)
500 _aAs per B.Com. CBCS Curriculum, The University of Burdwan
700 _aGrewal, T S.
700 _aGupta, M P
942 _cEN
_h657.42
_2ddc
_mSHU